000 00817nam a2200241 i 4500
001 76842
003 ES-MaACL
005 20250827022416.0
007 t|
008 041005s1982 sp ||||1| spa d
020 _a84-7088-293-7
080 _a711.4.034.7
100 1 _aGuidoni, Enrico.
_960659
245 1 0 _aHistoria del urbanismo :
_bel siglo XVII /
_cEnrico Guidoni, Angela Marino ; traducción de, Juan Vioque Lozano.
260 _aMadrid :
_bInstituto de Estudios de Administración Local,
_c[1982]
300 _a641 p., 58 lám. ;
_c25 cm.
650 4 _aUrbanismo-
_yS.XVII.
_9174555
700 1 _aMarino, Angela.
_976850
700 1 _aVioque Lozano, Juan.
_9115421
710 2 _aInstituto de Estudios de Administración Local (España)
_94893
852 4 _aES-MaACL
_jL-7497
999 _c76842
_d76842